|
|
|
|
| LEADER |
00000nam a22000007a 4500 |
| 008 |
201217b ||||| |||| 00| 0 eng d |
| 020 |
|
|
|a 978-0-7295-3956-2
|
| 245 |
|
|
|a PRACTICAL management of head and neck injury
|c edited by Jeffrey V. Rosenfeld
|g xii, 389p.; ill.
|
| 250 |
|
|
|c ROSENFELD, Jeffrey V.
|
| 260 |
|
|
|b Elsevier
|c 2012
|h London
|i 685079
|l RD96.6 .P88
|m Head – Wounds and injuries – Treatment
|m Neck – Wounds and injuries – Treatment.
|
| 500 |
|
|
|a It includes index
|
| 942 |
|
|
|a lcc
|c BK
|e ADEYEYE Y. S.
|f 17/12/2020
|
| 952 |
|
|
|0 0
|1 0
|2 lcc
|4 0
|6 RD00966 P88
|7 0
|9 652
|a HOL
|b HOL
|c QZ
|d 2020-12-17
|l 0
|o RD96.6 .P88
|p 2020-22969
|r 2020-12-17 00:00:00
|w 2020-12-17
|y BK
|
| 999 |
|
|
|c 361
|d 361
|